| 000 | 00963cab a2200265 4500 | ||
|---|---|---|---|
| 001 | ABS60032 | ||
| 008 | 090401t1999 xxu||||| |||| 00| 0 eng d | ||
| 035 | _a(Sirsi) u91115 | ||
| 041 | _aeng | ||
| 100 | _aFitton, J. | ||
| 245 | _aWhat exactly does a project manager do? | ||
| 260 | _c1999 | ||
| 350 | _a0 | ||
| 490 |
_aProperty Week _v64(5) 5 February 1999, 33(1) |
||
| 520 | _aDiscusses the role of the project manager in construction, including definitions of the roles of project coordinators, project monitors and construction managers. Gives advice on how to select the right person for the job, and looks at challenges facing project managers in the future. | ||
| 650 | _aCONSTRUCTION MANAGERS | ||
| 650 | _aCONSTRUCTION PROJECTS | ||
| 650 | _aPROJECT COORDINATORS | ||
| 650 | _aPROJECT MANAGERS | ||
| 650 | _aPROJECT MONITORS | ||
| 650 | _aPROPERTY INDUSTRY | ||
| 690 |
_aProject management _96261 |
||
| 942 | _n0 | ||
| 948 | _c04/02/1999 | ||
| 999 |
_c57819 _d57819 |
||